LIBRARY ONLINE CATALOGUE

Bildad Kaggia : (Record no. 13567)

MARC details
000 -LEADER
fixed length control field 00591nam a22002052 4500
001 - CONTROL NUMBER
control field 0000012974
005 - DATE AND TIME OF LATEST TRANSACTION
control field 20151217155854.0
008 - FIXED-LENGTH DATA ELEMENTS--GENERAL INFORMATION
fixed length control field 090514s xx 000 0 eng d
020 ## - INTERNATIONAL STANDARD BOOK NUMBER
International Standard Book Number 9966951040 :
040 ## - CATALOGING SOURCE
Original cataloging agency KABU
Transcribing agency KABU
100 1# - MAIN ENTRY--PERSONAL NAME
Personal name Mwangi, Evan.
-- 0000170012
245 10 - TITLE STATEMENT
Title Bildad Kaggia :
Remainder of title voice of the people /
Statement of responsibility, etc. Evan Mwangi.
250 ## - EDITION STATEMENT
Edition statement 1st ed.
260 ## - PUBLICATION, DISTRIBUTION, ETC. (IMPRINT)
Place of publication, distribution, etc. Nairobi :
Name of publisher, distributor, etc. Sasa Sema,
Date of publication, distribution, etc. 2001.
300 ## - PHYSICAL DESCRIPTION
Extent ix, 102 p.
600 10 - SUBJECT ADDED ENTRY--PERSONAL NAME
Personal name Kaggia, Bildad.
-- 0000170013
852 1# - LOCATION
-- p235 KES
908 ## - PUT COMMAND PARAMETER (RLIN)
Put command parameter 090514
950 ## - LOCAL HOLDINGS (RLIN)
-- 1
Holdings
Withdrawn status Lost status Source of classification or shelving scheme Not for loan Home library Current library Date acquired Total Checkouts Full call number Barcode Date last seen Price effective from Koha item type Total Renewals Date last checked out
    Library of Congress Classification   Kabarak, Main Campus Kabarak, Main Campus 17/12/2015   DT433.582 .K34M93 2001 c. 1 17553 17/12/2015 17/12/2015 Africana Collection    
    Library of Congress Classification   Kabarak, Main Campus Kabarak, Main Campus 17/12/2015 5 DT433.582 .K34M93 2001 c. 2 17554 05/12/2025 17/12/2015 Children Collection 2 31/10/2025